[Event "British Universities-ch"]
[Site "Chess.com INT"]
[Date "2022.03.05"]
[Round "6.4"]
[White "Rose, Sammy"]
[Black "Chann, Nicholas Ryan"]
[Result "0-1"]
[WhiteElo "1327"]
[BlackElo "1401"]
[PlyCount "70"]
[EventDate "2022.03.05"]
[EventType "swiss"]
[EventRounds "9"]
[EventCountry "ENG"]
[SourceTitle "EXT 2023"]
[Source "ChessBase"]
[SourceDate "2022.10.05"]
[SourceVersion "1"]
[SourceVersionDate "2022.10.05"]
[SourceQuality "1"]
[WhiteTeam "Reading"]
[BlackTeam "Kent"]
[WhiteTeamCountry "ENG"]
[BlackTeamCountry "ENG"]

1. e4 c6 2. Nf3 d5 3. exd5 cxd5 4. d4 Nc6 5. Nc3 Bg4 6. h3 Bh5 7. Bb5 a6 8. Bxc6+ bxc6 9. 0-0 e6 10. Qd3 Bg6 11. Qd2 Nf6 12. Ne5 Qc7 13. Re1 Bb4 14. a3 Bd6 15. Ne2 Ne4 16. Qe3 Rb8 17. f3 Nf6 18. c3 c5 19. b4 cxb4 20. axb4 Ra8 21. b5 0-0 22. bxa6 Qb6 23. g4 Rxa6 24. Bd2 Rfa8 25. Rxa6 Rxa6 26. f4 Ne4 27. c4 Qb2 28. Bc3 Nxc3 29. Nxc3 Ra3 30. Rc1 Bb4 31. Rb1 Bxb1 32. cxd5 Rxc3 33. Qe4 Bxe4 34. d6 Rg3+ 35. Kf1 Qg2# 0-1